|
|
|
|
| LEADER |
00000nam0a2200000 4500 |
| 001 |
149080 |
| 005 |
20231101221412.0 |
| 010 |
|
|
|a 9785370009785
|
| 035 |
|
|
|a (RuTPU)RU\TPU\book\161620
|
| 090 |
|
|
|a 149080
|
| 100 |
|
|
|a 20081211d2009 m y0rusy50 ca
|
| 101 |
0 |
|
|a rus
|
| 102 |
|
|
|a RU
|
| 105 |
|
|
|a a j 001zy
|
| 200 |
1 |
|
|a Управление интеллектуальным капиталом
|e учебное пособие
|f Л. И. Лукичева
|
| 205 |
|
|
|a 2-е изд., стер.
|
| 210 |
|
|
|a Москва
|c Омега-Л
|d 2009
|
| 215 |
|
|
|a 551 с.
|c ил.
|
| 225 |
1 |
|
|a Высшая школа менеджмента
|
| 320 |
|
|
|a Библиогр.: с. 492-499.
|
| 330 |
|
|
|a Работа посвящена решению проблемы повышения конкурентоспособности наукоемких предприятий на основе создания системы управления интеллектуальным капиталом. Предложен комплексный подход к управлению интеллектуальным капиталом, представлены оригинальные модели, методы и методики управления формированием, развитием и коммерциализацией интеллектуальных активов. Книга представляет интерес для студентов и аспирантов экономических факультетов и вузов, преподавателей, научных работников, руководителей предприятий и специалистов, связанных с управлением интеллектуальной деятельностью.
|
| 606 |
1 |
|
|a Предприятия
|x Интеллектуальный капитал
|x Управление
|2 stltpush
|3 (RuTPU)RU\TPU\subj\67735
|9 83427
|
| 610 |
1 |
|
|a экономика
|
| 610 |
1 |
|
|a предприятия
|
| 610 |
1 |
|
|a инновации
|
| 610 |
1 |
|
|a инновационное развитие
|
| 610 |
1 |
|
|a управление
|
| 610 |
1 |
|
|a наукоемкие предприятия
|
| 610 |
1 |
|
|a модели
|
| 610 |
1 |
|
|a методология
|
| 610 |
1 |
|
|a интеллектуальная активность
|
| 610 |
1 |
|
|a персонал
|
| 610 |
1 |
|
|a конкурентные преимущества
|
| 610 |
1 |
|
|a деловая активность
|
| 610 |
1 |
|
|a коммерциализация
|
| 610 |
1 |
|
|a учебные пособия
|
| 686 |
|
|
|a У9(2)29-2я73
|v LBC/SL-A
|2 rubbk
|
| 700 |
|
1 |
|a Лукичева
|b Л. И.
|g Любовь Ивановна
|
| 801 |
|
1 |
|a RU
|b 63413507
|c 20081211
|g PSBO
|
| 801 |
|
2 |
|a RU
|b 63413507
|c 20210922
|g PSBO
|
| 900 |
|
|
|a Управление персоналом
|
| 900 |
|
|
|a Менеджмент в образовании
|
| 942 |
|
|
|c BK
|
| 959 |
|
|
|a 116/20081211
|d 1
|e 190,00
|f ЧЗГЛ:1
|